Performance analysis of 802.11 DCF with limited channels (Record no. 12248)

000 -LEADER
fixed length control field 00497nam a2200145 4500
082 ## - DEWEY DECIMAL CLASSIFICATION NUMBER
Classification number MS-CSE-2 SYE
100 ## - MAIN ENTRY--PERSONAL NAME
Personal name Syed Ahmad Faran
9 (RLIN) 100558
245 ## - TITLE STATEMENT
Title Performance analysis of 802.11 DCF with limited channels
260 ## - PUBLICATION, DISTRIBUTION, ETC.
Place of publication, distribution, etc. Islamabad
Name of publisher, distributor, etc. Nust School of Electrical Engineering and Computer Science
300 ## - PHYSICAL DESCRIPTION
Extent 63 P
Accompanying material CD-ROM
500 ## - GENERAL NOTE
General note Supervisor;Dr.Junaid Qudir
700 ## - ADDED ENTRY--PERSONAL NAME
Personal name Syed Ahmad Faran
9 (RLIN) 100558
856 ## - ELECTRONIC LOCATION AND ACCESS
Uniform Resource Identifier <a href="http://10.250.8.41:8080/xmlui/handle/123456789/9649">http://10.250.8.41:8080/xmlui/handle/123456789/9649</a>
942 ## - ADDED ENTRY ELEMENTS (KOHA)
Koha item type Project Report
Source of classification or shelving scheme
Holdings
Withdrawn status Lost status Damaged status Not for loan Collection code Permanent Location Current Location Shelving location Date acquired Total Checkouts Full call number Barcode Date last seen Price effective from Koha item type
          Central Library (CL) Central Library (CL) General Stacks 12/17/2013   MS-CSE-2 SYE SEECSP01317 12/17/2013 12/17/2013 Project Report
© 2023 Central Library, National University of Sciences and Technology. All Rights Reserved.